Culinary Tourism – The development of gastronomic festivals in the touristic regions of Hungary

Bibliográfiai részletek
Szerző: Lőcsei Krisztina
További közreműködők: Cservák Dr György
Dokumentumtípus: Diplomadolgozat
Kulcsszavak:Hungarian gastronomy
Festival
Hungarian festivals
Gastronomic tourism
Touristic regions
Online Access:http://dolgozattar.uni-bge.hu/4698

MARC

LEADER 00000nta a2200000 i 4500
001 dolg4698
005 20180220135902.0
008 151215suuuu hu om 000 eng d
040 |a BGE Dolgozattár Repozitórium  |b hun 
041 |a en 
100 1 |a Lőcsei Krisztina 
245 1 0 |a Culinary Tourism – The development of gastronomic festivals in the touristic regions of Hungary   |c Lőcsei Krisztina  |h [elektronikus dokumentum] 
246 1 1 |a Kulináris Turizmus - A gasztronómiai fesztiválok fejlődése Magyarország turisztikai régióiban 
246 1 1 |a Culinary Tourism – The development of gastronomic festivals in the touristic regions of Hungary  
520 3 |a The subject matter of this thesis is the culinary tourism, primarily it's gastronomy product the gastronomy festival in the different regions of Hungary. The empirical objectives of this thesis concerned with identifying the development of gastronomical festivals and discovering the effects, advantages and disadvantages of this development process. In addition examining the economic impacts of gastronomic festivals on the regions of Hungary. 
695 |a Hungarian gastronomy 
695 |a Festival 
695 |a Hungarian festivals 
695 |a Gastronomic tourism 
695 |a Touristic regions 
700 1 |a Cservák Dr György  |e ths 
856 4 0 |u http://dolgozattar.uni-bge.hu/4698/1/Szakdolgozat.pdf  |z Dokumentum-elérés